00390nam a2200133Ia 4500003000900000008004100009040001600050080001900066100001500085245005300100260004600153300001600199650004100215IN-BaIIA211028s9999 xx 000 0 eng d cIIA Library a551.510.5bGOO aGoody, R M 4aThe physics of the stratospherecRichard M Goody aEnglandbCambridge University Pressc1954 aviii, 187p. aAstronomy and Astrophysics Thesaurus